[Event "Czech open A"]
[Site "?"]
[Date "2013.07.22"]
[Round "4.58"]
[White "Vassallo Barroche, Mauricio"]
[Black "Gruenter, Martin"]
[Result "1-0"]
[WhiteElo "2434"]
[BlackElo "2248"]
[PlyCount "147"]
[EventDate "2013.??.??"]
[TimeControl "6000+905"]
[WhiteClock "1:00:43"]
[BlackClock "0:01:08"]

1. Nf3 Nf6 2. c4 c5 3. Nc3 e6 4. g3 b6 5. Bg2 Bb7 6. O-O Be7 7. b3 O-O 8. Bb2
a6 9. e3 d6 10. d4 Ne4 11. Qc2 Nxc3 12. Bxc3 Nd7 13. Ng5 Bxg5 14. Bxb7 Ra7 15.
Be4 g6 16. Rfd1 Bf6 17. Rac1 Qe7 18. Qd2 Rd8 19. Bg2 Rc7 20. h4 h5 21. Rc2 Rdc8
22. Qe2 cxd4 23. Bxd4 d5 24. Rdc1 dxc4 25. Rxc4 Rxc4 26. Rxc4 Rxc4 27. Qxc4
Bxd4 28. exd4 Qd6 29. Qxa6 Qxd4 30. Qc8+ Kg7 31. Qd8 e5 32. Bc6 Qa1+ 33. Kg2
Nf6 34. Qxb6 Qxa2 35. b4 Qe2 36. Qc5 e4 37. Qc3 e3 38. Qxe3 Qxe3 39. fxe3 Ng4
40. e4 Ne5 41. Bd5 Kf8 42. Kf1 Ke7 43. Ke2 f6 44. Ke3 Kd6 45. Bb3 Kc6 46. Ba4+
Kd6 47. Bb5 Kc7 48. Bf1 Kd6 49. Be2 Nd7 50. Kd4 Ne5 51. b5 Nd7 52. Bc4 Ne5 53.
Bd5 Nd7 54. Kc4 Ne5+ 55. Kb4 g5 56. b6 gxh4 57. gxh4 f5 58. b7 Nd7 59. Kc4 fxe4
60. Bxe4 Kc7 61. Kd4 Kd6 62. Bf3 Nb8 63. Ke3 Ke5 64. Bxh5 Kf5 65. Bf3 Ke5 66.
Kd3 Na6 67. Kc4 Kd6 68. h5 Ke6 69. Kb5 Nb8 70. Bg4+ Ke7 71. Kb6 Kf6 72. Kc7
Na6+ 73. Kc8 Kg5 74. Be2 1-0

[Event "Czech open A"]
[Site "?"]
[Date "2013.07.22"]
[Round "4.59"]
[White "Jacko-Jun., Vladimir"]
[Black "Kupers, Stefan"]
[Result "0-1"]
[WhiteElo "2271"]
[BlackElo "2432"]
[PlyCount "54"]
[EventDate "2013.??.??"]
[TimeControl "6000+1890"]
[WhiteClock "0:07:09"]
[BlackClock "0:14:39"]

1. e4 e6 2. d4 d5 3. Nc3 Bb4 4. e5 c5 5. a3 Bxc3+ 6. bxc3 Ne7 7. Qg4 cxd4 8.
Qxg7 Rg8 9. Qxh7 Qc7 10. Ne2 dxc3 11. f4 Nbc6 12. Qd3 d4 13. Ng3 Bd7 14. Be2
O-O-O 15. O-O Kb8 16. Rb1 Na5 17. a4 Bc6 18. Rf2 Bd5 19. Ba3 Nc8 20. Bb4 Nc6
21. Ne4 Bxe4 22. Qxe4 d3 23. Bxd3 Rd4 24. Qh7 Rxb4 25. Rxb4 Nxb4 26. Qxg8 Nxd3
27. Rf3 Qb6+ 0-1

[Event "Czech open A"]
[Site "?"]
[Date "2013.07.22"]
[Round "4.60"]
[White "Vetoshko, Volodymyr"]
[Black "Rzayev, Bahruz"]
[Result "1/2-1/2"]
[WhiteElo "2268"]
[BlackElo "2429"]
[PlyCount "120"]
[EventDate "2013.??.??"]
[TimeControl "6000+1090"]
[WhiteClock "0:01:52"]
[BlackClock "0:58:48"]

1. e4 e5 2. f4 d5 3. exd5 e4 4. d3 Nf6 5. dxe4 Nxe4 6. Nf3 Bc5 7. Qe2 Qe7 8.
Be3 Bd6 9. Nbd2 O-O 10. O-O-O Re8 11. Re1 Nf6 12. Bd4 Qxe2 13. Bxe2 Nxd5 14.
Bc4 Ne7 15. Ng5 Rf8 16. Rhf1 Nbc6 17. Bc3 Rb8 18. Nde4 h6 19. Nxd6 cxd6 20. Nf3
d5 21. Bb3 Bf5 22. Rd1 Rfd8 23. Ne5 Be4 24. g4 Rbc8 25. f5 Nxe5 26. Bxe5 Nc6
27. Bc3 d4 28. Bd2 Ne5 29. Kb1 Nxg4 30. Rde1 Re8 31. Rg1 Ne3 32. Bxe3 dxe3 33.
f6 g6 34. Rg3 e2 35. Kc1 Bf5 36. Rg2 Kf8 37. Rgxe2 Rxe2 38. Rxe2 Re8 39. Kd2
Be6 40. c4 b5 41. Kc3 Rc8 42. Re4 Rc6 43. a4 bxc4 44. Bxc4 g5 45. b4 Bxc4 46.
Rxc4 Rxf6 47. Rc7 a6 48. b5 axb5 49. axb5 Rf1 50. Kb4 Rb1+ 51. Kc5 g4 52. b6 h5
53. b7 Kg7 54. Kc6 h4 55. Rc8 Kf6 56. b8=Q Rxb8 57. Rxb8 Ke5 58. Re8+ Kf4 59.
Kd5 Kf3 60. Ke5 g3 1/2-1/2

[Event "Czech open A"]
[Site "?"]
[Date "2013.07.22"]
[Round "4.61"]
[White "Mukashev, Assan"]
[Black "Jorczik, Julian Marcel"]
[Result "1/2-1/2"]
[WhiteElo "2247"]
[BlackElo "2422"]
[PlyCount "34"]
[EventDate "2013.??.??"]
[TimeControl "6000+1715"]
[WhiteClock "1:12:29"]
[BlackClock "0:25:03"]

1. d4 Nf6 2. Nf3 c5 3. g3 e6 4. Bg2 b6 5. c4 Bb7 6. d5 exd5 7. Nh4 Be7 8. cxd5
d6 9. Nf5 O-O 10. Nc3 a6 11. a4 Re8 12. Nxe7+ Qxe7 13. O-O Nbd7 14. Rb1 Rac8
15. Re1 c4 16. b4 cxb3 17. Rxb3 Ng4 1/2-1/2

[Event "Czech open A"]
[Site "?"]
[Date "2013.07.22"]
[Round "4.62"]
[White "Plischki, Sebastian"]
[Black "Wagener, Claude"]
[Result "1-0"]
[WhiteElo "2413"]
[BlackElo "2240"]
[PlyCount "85"]
[EventDate "2013.??.??"]
[TimeControl "6000+970"]
[WhiteClock "0:44:54"]
[BlackClock "0:42:00"]

1. d4 Nf6 2. c4 g6 3. Nc3 d5 4. Nf3 Bg7 5. Qb3 dxc4 6. Qxc4 O-O 7. e4 Nfd7 8.
Be3 Nb6 9. Qc5 f5 10. e5 c6 11. Rd1 N8d7 12. Qa5 Nd5 13. Qxd8 Rxd8 14. Nxd5
cxd5 15. Bd3 Nb6 16. b3 Bd7 17. h4 h6 18. Ng1 Rac8 19. Ne2 e6 20. Nf4 Kf7 21.
g4 Rg8 22. gxf5 gxf5 23. Rg1 Bf8 24. Rxg8 Bb4+ 25. Bd2 Bxd2+ 26. Kxd2 Rxg8 27.
Rc1 Rc8 28. Rg1 Rg8 29. Rg3 Nc8 30. Be2 Rxg3 31. fxg3 Ne7 32. Kc3 b6 33. b4 Kf8
34. a3 Kf7 35. g4 Ng6 36. Nxg6 Kxg6 37. Bd3 Kf7 38. gxf5 exf5 39. Kd2 Kg6 40.
Ke3 h5 41. Kf4 Be6 42. Bb5 Bc8 43. Be8+ 1-0

[Event "Czech open A"]
[Site "?"]
[Date "2013.07.22"]
[Round "4.63"]
[White "Westerberg, Jonathan"]
[Black "Bartos, Jan"]
[Result "1-0"]
[WhiteElo "2410"]
[BlackElo "2209"]
[PlyCount "73"]
[EventDate "2013.??.??"]
[TimeControl "6000+1370"]
[WhiteClock "0:05:34"]
[BlackClock "0:10:21"]

1. e4 d5 2. exd5 Qxd5 3. Nc3 Qd6 4. d4 Nf6 5. Nf3 c6 6. Ne5 Nbd7 7. Nc4 Qc7 8.
Qf3 Nb6 9. Bf4 Qd7 10. h3 Nxc4 11. Bxc4 Qxd4 12. Bb3 e6 13. Rd1 Qb6 14. O-O Be7
15. Ne4 Nxe4 16. Qxe4 O-O 17. Be5 Rd8 18. Qg4 Bf8 19. Qg3 Rd7 20. Rxd7 Bxd7 21.
Rd1 Be8 22. Rd4 g6 23. Qg5 Bg7 24. Bxg7 Kxg7 25. Rh4 Rd8 26. c3 Rd3 27. Qh6+
Kf6 28. Qf8 Qd8 29. Rxh7 Rd2 30. Rh4 g5 31. Qh6+ Kf5 32. Qh7+ Kf6 33. Qh6+ Kf5
34. Rg4 Qf6 35. Qf8 Bd7 36. Qc5+ e5 37. Qe3 1-0

[Event "Czech open A"]
[Site "?"]
[Date "2013.07.22"]
[Round "4.64"]
[White "Goebel, Constantin"]
[Black "Mazur, Stefan"]
[Result "0-1"]
[WhiteElo "2235"]
[BlackElo "2409"]
[PlyCount "58"]
[EventDate "2013.??.??"]
[TimeControl "6000+905"]
[WhiteClock "0:20:37"]
[BlackClock "0:31:49"]

1. e4 e5 2. Nf3 Nc6 3. Bb5 a6 4. Ba4 Nf6 5. O-O Be7 6. Re1 b5 7. Bb3 O-O 8. h3
Bb7 9. d3 d5 10. exd5 Nxd5 11. Nbd2 Nf4 12. Ne4 Na5 13. Nxe5 Nxb3 14. axb3 Nxg2
15. Kxg2 f5 16. Kg1 fxe4 17. Qg4 Qd6 18. d4 Rxf2 19. Kxf2 Qxd4+ 20. Be3 Qxe5
21. Kg1 Bd6 22. Re2 Rf8 23. Rf1 Rf3 24. Qd7 h6 25. Rff2 Kh7 26. c3 Rxe3 27.
Rxe3 Qg5+ 28. Kf1 Qxe3 29. Qf5+ Kh8 0-1

[Event "Czech open A"]
[Site "?"]
[Date "2013.07.22"]
[Round "4.65"]
[White "Kanovsky, David"]
[Black "Mueer, Sebastian"]
[Result "1/2-1/2"]
[WhiteElo "2389"]
[BlackElo "2202"]
[PlyCount "100"]
[EventDate "2013.??.??"]
[TimeControl "6000+1195"]
[WhiteClock "0:11:57"]
[BlackClock "0:08:31"]

1. c4 c5 2. Nc3 Nc6 3. Nf3 e5 4. a3 f5 5. d3 Nf6 6. g3 d6 7. Bg2 Be7 8. b4 cxb4
9. axb4 Nxb4 10. O-O Nc6 11. Qb3 Nd7 12. Ba3 Nc5 13. Qc2 O-O 14. e3 Bf6 15. Nd5
e4 16. Nxf6+ Qxf6 17. dxe4 fxe4 18. Nd2 Bf5 19. Bxc5 dxc5 20. Bxe4 Nb4 21. Qb1
Bh3 22. Bg2 Bxg2 23. Kxg2 Rad8 24. Nb3 Qf3+ 25. Kg1 Nd3 26. Ra2 Ne5 27. Nxc5
Qc6 28. Ne4 Nf3+ 29. Kg2 Rde8 30. Rxa7 Rxe4 31. Qxb7 Qxb7 32. Rxb7 Rxc4 33. Rd1
Ne5 34. Rd2 Rc1 35. Ra2 Rcc8 36. f4 Ng4 37. Kf3 h5 38. Raa7 Ne5+ 39. Kg2 Nf7
40. h4 Rc2+ 41. Kh3 Rc6 42. e4 Rg6 43. Rb5 Nd6 44. Rxh5 Nxe4 45. Ra3 Nf2+ 46.
Kg2 Ng4 47. Kf3 Nh6 48. Rg5 Rxg5 49. hxg5 Nf7 50. Kg4 g6 1/2-1/2

[Event "Czech open A"]
[Site "?"]
[Date "2013.07.22"]
[Round "4.66"]
[White "Triapishko, Olexandr"]
[Black "Nun, Jiri"]
[Result "1-0"]
[WhiteElo "2221"]
[BlackElo "2387"]
[PlyCount "67"]
[EventDate "2013.??.??"]
[TimeControl "6000+720"]
[WhiteClock "0:21:55"]
[BlackClock "0:19:00"]

1. e4 c5 2. Nf3 Nc6 3. d4 cxd4 4. Nxd4 e5 5. Nb5 d6 6. N1c3 a6 7. Na3 b5 8. Nd5
Nge7 9. c4 b4 10. Nc2 Rb8 11. Bd3 Ng6 12. O-O Be7 13. a3 b3 14. Ncb4 Na5 15.
Nxe7 Nxe7 16. Be3 O-O 17. c5 Nec6 18. Nxa6 Bxa6 19. Bxa6 dxc5 20. Bxc5 Re8 21.
Qxd8 Rexd8 22. Rfd1 Nd4 23. Bxd4 exd4 24. Rac1 Ra8 25. Bd3 Ra7 26. Rc5 Kf8 27.
Rdc1 Ke7 28. f4 g6 29. Kf2 h6 30. Kf3 f6 31. e5 fxe5 32. Rxe5+ Kf6 33. Rcc5 Nb7
34. Rc7 1-0

[Event "Czech open A"]
[Site "?"]
[Date "2013.07.22"]
[Round "4.67"]
[White "Usmanov, Vasily"]
[Black "Bivol, Alina"]
[Result "1-0"]
[WhiteElo "2386"]
[BlackElo "2207"]
[PlyCount "89"]
[EventDate "2013.??.??"]
[TimeControl "6000+600"]
[WhiteClock "1:00:41"]
[BlackClock "1:07:06"]

1. d4 d5 2. Nf3 Nf6 3. c4 e6 4. g3 Be7 5. Bg2 O-O 6. O-O c6 7. Qc2 Nbd7 8. Nbd2
b6 9. e4 Bb7 10. e5 Ne8 11. cxd5 exd5 12. Re1 c5 13. Nf1 Nc7 14. Ne3 Ne6 15.
Nf5 cxd4 16. N3xd4 Nxd4 17. Nxd4 Bc5 18. e6 fxe6 19. Nxe6 Rxf2 20. Qxc5 Rxg2+
21. Kxg2 d4+ 22. Kg1 Nxc5 23. Nxd8 Rxd8 24. Bg5 Rd5 25. Re8+ Kf7 26. Re7+ Kg6
27. Bd2 a5 28. Rf1 Ba6 29. Rf8 Rd7 30. Re5 h6 31. h4 Kh7 32. h5 Bc4 33. Ree8 g5
34. hxg6+ Kxg6 35. Rh8 Bxa2 36. Rxh6+ Kf7 37. Re5 Be6 38. Bxa5 d3 39. Bd2 Rd6
40. Kf2 Nb3 41. Ke3 Nd4 42. g4 Rd8 43. g5 b5 44. Rf6+ Ke7 45. Bb4+ 1-0

[Event "Czech open A"]
[Site "?"]
[Date "2013.07.22"]
[Round "4.68"]
[White "Gergel, Vladimir"]
[Black "Pasiev, Rakhim"]
[Result "1/2-1/2"]
[WhiteElo "2229"]
[BlackElo "2384"]
[PlyCount "90"]
[EventDate "2013.??.??"]
[TimeControl "6000+1155"]
[WhiteClock "0:34:40"]
[BlackClock "0:35:48"]

1. d4 e6 2. e4 d5 3. exd5 exd5 4. Bd3 Bd6 5. Ne2 Nc6 6. Nbc3 Nge7 7. Nb5 Bf5 8.
c3 a6 9. Nxd6+ Qxd6 10. Qc2 Bxd3 11. Qxd3 Ng6 12. h4 h5 13. Bg5 Nce7 14. g3 f6
15. Bd2 Qd7 16. O-O-O Qf5 17. Qxf5 Nxf5 18. Nf4 Nxf4 19. Bxf4 Kd7 20. Kd2 a5
21. Kd3 c6 22. a4 g6 23. b3 b6 24. Rhe1 Rhe8 25. c4 Ng7 26. Re3 Rxe3+ 27. Bxe3
Ne6 28. f3 Rf8 29. Rh1 Rf7 30. Rc1 Rh7 31. Rb1 Rh8 32. Rh1 Kd6 33. Kc3 Rc8 34.
Rd1 Re8 35. Re1 Kd7 36. Bf2 g5 37. Rh1 gxh4 38. Rxh4 Ng5 39. Kd3 Nxf3 40. Rxh5
Ng5 41. Be3 Rg8 42. Bxg5 Rxg5 43. Rxg5 fxg5 44. cxd5 cxd5 45. g4 Kc6 1/2-1/2

[Event "Czech open A"]
[Site "?"]
[Date "2013.07.22"]
[Round "4.69"]
[White "Nemcova, Katerina"]
[Black "Pechac, Jergus"]
[Result "0-1"]
[WhiteElo "2382"]
[BlackElo "2182"]
[PlyCount "110"]
[EventDate "2013.??.??"]
[TimeControl "6000+1215"]
[WhiteClock "0:01:56"]
[BlackClock "0:17:29"]

1. e4 c5 2. Nf3 Nc6 3. d4 cxd4 4. Nxd4 d5 5. exd5 Qxd5 6. Be3 e6 7. Be2 Nf6 8.
O-O Bd7 9. Nc3 Qe5 10. Nf3 Qb8 11. a3 Be7 12. h3 O-O 13. Qd2 Rd8 14. Rad1 e5
15. Qc1 h6 16. Bc4 Qc8 17. Nd5 Nxd5 18. Bxd5 Be6 19. c4 Bf6 20. Be4 Na5 21. c5
Nb3 22. Qc3 Qc7 23. Qb4 Rab8 24. Bc2 a5 25. Qe4 Nxc5 26. Qh7+ Kf8 27. Rc1 b6
28. b4 axb4 29. axb4 Nd7 30. Ba4 Qa7 31. Bc6 Rbc8 32. Rfd1 Nb8 33. Be4 Ke7 34.
Bd3 Nc6 35. Bb5 Rxd1+ 36. Rxd1 g6 37. Bxc6 Rh8 38. Qxh8 Bxh8 39. Bxh6 Qa3 40.
b5 e4 41. Ng5 e3 42. Nh7 exf2+ 43. Kh1 f1=R+ 44. Rxf1 Qd3 45. Rc1 Bb2 46. Re1
Bc3 47. Rc1 f6 48. Nf8 Bf5 49. Bf3 g5 50. Bh5 Be4 51. Ng6+ Bxg6 52. Bxg6 Qxg6
53. Rxc3 Qxh6 54. Rc7+ Kd8 55. Rc6 g4 0-1

[Event "Czech open A"]
[Site "?"]
[Date "2013.07.22"]
[Round "4.70"]
[White "Gallien, Fabian"]
[Black "Seyb, Alexander"]
[Result "1/2-1/2"]
[WhiteElo "2213"]
[BlackElo "2380"]
[PlyCount "84"]
[EventDate "2013.??.??"]
[TimeControl "6000+2095"]
[WhiteClock "0:07:05"]
[BlackClock "0:12:31"]

1. e4 c5 2. Nf3 d6 3. Bb5+ Nd7 4. d4 Ngf6 5. O-O cxd4 6. Qxd4 g6 7. e5 dxe5 8.
Nxe5 Bg7 9. Nc3 O-O 10. Nxd7 Bxd7 11. Bxd7 Qxd7 12. Qb4 Rfd8 13. Re1 a5 14. Qh4
b5 15. Bh6 Bxh6 16. Qxh6 b4 17. Nd1 Rac8 18. c3 Nd5 19. Qg5 f6 20. Qg3 bxc3 21.
bxc3 e5 22. Ne3 Nxc3 23. Ng4 Kg7 24. h3 h5 25. Nxe5 fxe5 26. Qxe5+ Kh7 27. Qxa5
Rf8 28. Qg5 Rf7 29. a4 Rcf8 30. a5 Qd4 31. Qe3 Qg7 32. Rac1 Nd5 33. Qe4 Nf4 34.
Rc2 Ra7 35. Ra2 Qc7 36. Rea1 Rf6 37. Rc2 Qb7 38. Qxb7+ Rxb7 39. a6 Ra7 40. Rca2
Nd5 41. Ra4 Nc7 42. Rc4 Kh6 1/2-1/2

[Event "Czech open A"]
[Site "?"]
[Date "2013.07.22"]
[Round "4.71"]
[White "Bures, Jaroslav"]
[Black "Yefimov, Mstislav"]
[Result "1/2-1/2"]
[WhiteElo "2379"]
[BlackElo "2137"]
[PlyCount "103"]
[EventDate "2013.??.??"]
[TimeControl "6000+1570"]
[WhiteClock "0:18:10"]
[BlackClock "0:10:38"]

1. e4 e5 2. Nf3 d6 3. d4 exd4 4. Nxd4 Nf6 5. Nc3 Be7 6. g3 O-O 7. Bg2 c6 8. O-O
Bg4 9. f3 Bd7 10. Nde2 Be6 11. b3 d5 12. e5 Ne8 13. f4 g6 14. Nd4 Ng7 15. Bb2
Qc8 16. Nxe6 fxe6 17. g4 Qd8 18. Qd3 Bc5+ 19. Kh1 Qh4 20. Na4 Be7 21. h3 b5 22.
Nc3 Nd7 23. Ne2 Bc5 24. Bc3 Qe7 25. Qg3 Rf7 26. Nd4 Bxd4 27. Bxd4 c5 28. Bg1
Raf8 29. Bh2 Nb6 30. Qd3 c4 31. Qe3 Qc7 32. Bg3 Qd8 33. Rad1 Qc7 34. Bh4 Ne8
35. Bg5 Qc8 36. h4 Qc6 37. h5 gxh5 38. gxh5 Ng7 39. h6 Nf5 40. Qf3 Nd7 41. Bh3
Kh8 42. Rg1 Rg8 43. Rg2 Rg6 44. Rdg1 Rf8 45. Kh2 Nxh6 46. Bxh6 Rxh6 47. Qg4 Rg6
48. Qxg6 hxg6 49. Rxg6 Rf7 50. Rg8+ Kh7 51. R8g4 Kh8 52. Rg8+ 1/2-1/2

[Event "Czech open A"]
[Site "?"]
[Date "2013.07.22"]
[Round "4.72"]
[White "Sanders, Isaac"]
[Black "Klenburg, Mikhail"]
[Result "0-1"]
[WhiteElo "2210"]
[BlackElo "2368"]
[PlyCount "72"]
[EventDate "2013.??.??"]
[TimeControl "6000+1530"]
[WhiteClock "0:14:10"]
[BlackClock "1:02:09"]

1. e4 d6 2. Nc3 Nf6 3. f4 g6 4. Nf3 Bg7 5. g3 O-O 6. Bg2 c5 7. d3 Nc6 8. O-O
Rb8 9. a4 Bg4 10. h3 Bxf3 11. Qxf3 Nd7 12. Kh1 a6 13. g4 Nd4 14. Qf2 b5 15.
axb5 axb5 16. g5 e6 17. Nd1 f5 18. gxf6 Nxf6 19. Be3 Nh5 20. Ra7 Ne2 21. Re1
Nexf4 22. Qg1 Ng3+ 23. Kh2 Nfe2 24. Rxe2 Nxe2 25. Qe1 Nd4 26. Rxg7+ Kxg7 27.
Qg3 h6 28. Nf2 Nxc2 29. Bd2 Rxf2 30. Qxf2 Nd4 31. e5 dxe5 32. Be4 g5 33. b4
cxb4 34. Bxb4 Rc8 35. Qg3 Rc2+ 36. Bg2 Qf6 0-1

[Event "Czech open A"]
[Site "?"]
[Date "2013.07.22"]
[Round "4.73"]
[White "Nguyen, Thai Dai Van"]
[Black "Suran, Jan"]
[Result "1/2-1/2"]
[WhiteElo "2176"]
[BlackElo "2362"]
[PlyCount "102"]
[EventDate "2013.??.??"]

1. e4 g6 2. d4 Bg7 3. Nf3 d6 4. Bc4 Nf6 5. Qe2 O-O 6. e5 dxe5 7. dxe5 Nd5 8.
O-O Bg4 9. Rd1 c6 10. Bb3 Qc7 11. Nbd2 Nd7 12. h3 Bxf3 13. Nxf3 Nxe5 14. Nxe5
Bxe5 15. Bxd5 cxd5 16. Rxd5 Bf6 17. c3 Rfd8 18. Rxd8+ Rxd8 19. Be3 a6 20. Rd1
Kg7 21. Rd2 h5 22. Qd1 Rxd2 23. Qxd2 e6 24. Qd3 Qc6 25. Qe2 b5 26. Qd3 Kf8 27.
Bh6+ Ke8 28. Be3 Be5 29. Kf1 f5 30. f4 Bf6 31. Kf2 Bh4+ 32. Kf1 Bf6 33. Kf2 Kf7
34. Kf1 e5 35. fxe5 Bxe5 36. Kf2 Bf6 37. Kf1 Ke6 38. Kf2 Qd5 39. Qe2 Qxa2 40.
Bd4+ Kf7 41. Bxf6 Kxf6 42. Qd2 Qe6 43. Qd4+ Kf7 44. h4 Qf6 45. Qd7+ Qe7 46.
Qd5+ Qe6 47. Qd4 Ke8 48. Qa7 Qe7 49. Qxa6 Qxh4+ 50. g3 Qh2+ 51. Kf3 Qxb2
1/2-1/2

[Event "Czech open A"]
[Site "?"]
[Date "2013.07.22"]
[Round "4.74"]
[White "Starcevs, Dmitrijs"]
[Black "Stromboli, Carlo"]
[Result "0-1"]
[WhiteElo "2139"]
[BlackElo "2326"]
[PlyCount "99"]
[EventDate "2013.??.??"]

1. e4 e5 2. Nf3 Nc6 3. Bb5 a6 4. Ba4 Nf6 5. O-O b5 6. Bb3 Bc5 7. a4 Bb7 8. d3
h6 9. axb5 axb5 10. Rxa8 Qxa8 11. Nc3 b4 12. Nd5 Nxd5 13. Bxd5 d6 14. Be3 Qa7
15. Qd2 Nd8 16. d4 exd4 17. Bxd4 Bxd4 18. Nxd4 O-O 19. Nf5 Qb6 20. Re1 Re8 21.
h4 Kh7 22. Re3 Bc8 23. Rg3 Bxf5 24. exf5 f6 25. Qd1 Re7 26. Bc4 Qc5 27. b3 c6
28. Qh5 d5 29. Bd3 Nb7 30. Qg4 Nd6 31. Qg6+ Kh8 32. Rf3 Nf7 33. Qg3 Ne5 34. Rf4
h5 35. Be2 Qxc2 36. Bxh5 Qc3 37. f3 Qe3+ 38. Kh2 c5 39. Bg6 Nd3 40. Rg4 Qe5 41.
h5 Qxg3+ 42. Rxg3 Kg8 43. h6 gxh6 44. Be8+ Kh7 45. Bc6 Re5 46. Bd7 c4 47. Bb5
Nb2 48. f4 Re7 49. bxc4 dxc4 50. Rf3 0-1

[Event "Czech open A"]
[Site "?"]
[Date "2013.07.22"]
[Round "4.75"]
[White "Kutynec, Vladimir"]
[Black "Semenova, Elena"]
[Result "1/2-1/2"]
[WhiteElo "2300"]
[BlackElo "2152"]
[PlyCount "103"]
[EventDate "2013.??.??"]

1. Nf3 d5 2. d4 Nf6 3. c4 e6 4. g3 Be7 5. Bg2 O-O 6. O-O dxc4 7. Na3 Bxa3 8.
bxa3 Bd7 9. Ne5 Bc6 10. Nxc6 Nxc6 11. e3 Nd5 12. a4 Qd7 13. Ba3 Rfc8 14. Qc2
Nb6 15. Rab1 Rab8 16. Rfc1 a5 17. Rb5 Ne7 18. Bxe7 Qxe7 19. Rxa5 c6 20. Rc5 Ra8
21. a5 Nd7 22. Rxc4 Rxa5 23. Rb1 Nf6 24. Qb2 Rc7 25. a4 h6 26. Rb4 Ra7 27. e4
c5 28. Rc4 cxd4 29. Rxc7 Qxc7 30. Qxd4 Ra5 31. e5 Nd5 32. Bf1 b6 33. Rb3 Rc5
34. Bd3 Rc1+ 35. Kg2 Qc6 36. Be4 Rc4 37. Bxd5 exd5 38. Qxb6 Qxb6 39. Rxb6 Rxa4
40. Rb8+ Kh7 41. Rd8 Rd4 42. f4 Rd2+ 43. Kf3 Rxh2 44. Rxd5 g6 45. Rd7 Kg8 46.
Rd3 h5 47. Rd8+ Kg7 48. Rd7 Kg8 49. f5 gxf5 50. Kf4 h4 51. gxh4 Rxh4+ 52. Kxf5
1/2-1/2

[Event "Czech open A"]
[Site "?"]
[Date "2013.07.22"]
[Round "4.76"]
[White "Nabaty, Tamir"]
[Black "Stahnecker, Ludwig"]
[Result "1-0"]
[WhiteElo "2586"]
[BlackElo "2117"]
[PlyCount "127"]
[EventDate "2013.??.??"]

1. c4 Nf6 2. Nc3 e5 3. Nf3 Nc6 4. g3 Bc5 5. Bg2 O-O 6. O-O Re8 7. d3 a5 8. b3
d6 9. Bb2 Bf5 10. h3 h6 11. e3 Qd7 12. Kh2 Bh7 13. a3 Ba7 14. d4 exd4 15. exd4
Qf5 16. Nb5 Bb6 17. Rc1 Rad8 18. d5 Nb8 19. Nh4 Qd3 20. Bxf6 Qxd1 21. Rfxd1
gxf6 22. f4 Be4 23. Bxe4 Rxe4 24. Nc3 Ree8 25. Nf5 Kh7 26. b4 axb4 27. axb4 Na6
28. Rb1 Ra8 29. Rb3 h5 30. Kg2 Kg6 31. g4 Rh8 32. Ne4 Rae8 33. Nh4+ Kg7 34. Ng3
hxg4 35. hxg4 Nb8 36. Rh1 Nd7 37. Nhf5+ Kg8 38. Rxh8+ Kxh8 39. Ra3 Kh7 40. Ra1
Kg8 41. Kf3 Kf8 42. Ne4 Kg8 43. Ra3 Kh7 44. Rc3 Kg6 45. c5 dxc5 46. bxc5 Ba5
47. Nh4+ Kg7 48. Rc2 c6 49. Nf5+ Kg8 50. dxc6 bxc6 51. Ra2 Bc7 52. Ra7 Rxe4 53.
Kxe4 Nxc5+ 54. Kf3 Ne6 55. Ra4 Bxf4 56. Rxf4 Nxf4 57. Kxf4 Kh7 58. Nd6 c5 59.
Kf5 Kg7 60. Nc4 Kg8 61. Kxf6 Kf8 62. Nd6 Kg8 63. g5 Kf8 64. Nxf7 1-0

[Event "Czech open A"]
[Site "?"]
[Date "2013.07.22"]
[Round "4.77"]
[White "Zwardon, Vojtech"]
[Black "Grigoriev, Evgeny"]
[Result "1/2-1/2"]
[WhiteElo "2391"]
[BlackElo "2235"]
[PlyCount "160"]
[EventDate "2013.??.??"]

1. c4 g6 2. Nc3 Bg7 3. g3 d6 4. Bg2 c5 5. d3 Nc6 6. Bg5 Nf6 7. Qc1 Nd4 8. Nf3
Bg4 9. Nxd4 cxd4 10. Nb5 Qb6 11. a4 a5 12. Qf4 e5 13. Bxf6 exf4 14. Bxg7 Kd7
15. Bxd4 Qd8 16. gxf4 Re8 17. e3 Rb8 18. O-O Ke7 19. c5 dxc5 20. Bxc5+ Kf6 21.
Nd6 Re6 22. Bd4+ Ke7 23. Nxb7 Qc7 24. Rfc1 Rxb7 25. Rxc7+ Rxc7 26. Bd5 Ra6 27.
Bc4 Ra8 28. Bb6 Rcc8 29. b4 axb4 30. a5 Be6 31. Bxe6 Kxe6 32. Rb1 Rc3 33. Rxb4
Rxd3 34. Re4+ Kd7 35. f5 Rd6 36. Rh4 h5 37. fxg6 fxg6 38. Rf4 Ke6 39. h4 Rd5
40. Ra4 g5 41. Kg2 g4 42. Kg3 Rb5 43. Rc4 Rf8 44. Re4+ Kd7 45. Ra4 Ra8 46. Rf4
Ke6 47. Rc4 Rf8 48. Rc2 Rf3+ 49. Kg2 Rf8 50. Rc6+ Kd5 51. Rh6 Ke4 52. Re6+ Kd5
53. Re7 Kd6 54. Rh7 Rb2 55. e4 Rb5 56. Rh6+ Kd7 57. a6 Kc8 58. Bd4 Kb8 59. e5
Rd5 60. Bc3 Ka7 61. Rxh5 Kxa6 62. Rg5 Rd3 63. Bb4 Rf4 64. Bc5 Re4 65. h5 Kb5
66. h6 Rh3 67. Rxg4 Rxg4+ 68. Kxh3 Rg1 69. Be3 Kc6 70. f3 Rg8 71. e6 Kd6 72.
Bd4 Rg6 73. Bg7 Rg1 74. Kh2 Rg5 75. f4 Rh5+ 76. Kg3 Kxe6 77. Kg4 Rh1 78. Kg5
Kf7 79. Bd4 Rh2 80. Be5 Rg2+ 1/2-1/2

[Event "Czech open A"]
[Site "?"]
[Date "2013.07.22"]
[Round "4.78"]
[White "Repkova, Eva"]
[Black "Frischmann, Rick"]
[Result "1-0"]
[WhiteElo "2374"]
[BlackElo "2234"]
[PlyCount "63"]
[EventDate "2013.??.??"]

1. e4 c5 2. Nf3 e6 3. b3 a6 4. Bb2 d6 5. Bd3 e5 6. O-O g6 7. Re1 Bg7 8. c3 Ne7
9. Bf1 O-O 10. d4 Qc7 11. Nbd2 Nbc6 12. Rc1 h6 13. h3 Kh8 14. Nc4 b5 15. Ne3 f5
16. dxc5 dxc5 17. Nd5 Qd8 18. c4 fxe4 19. Rxe4 Bf5 20. Re1 e4 21. Bxg7+ Kxg7
22. Nxe7 Qxe7 23. cxb5 axb5 24. Bxb5 Nb4 25. a4 Rad8 26. Qe2 Nd5 27. Qb2+ Kh7
28. Qe5 Qf7 29. Nd2 Nc7 30. Bc4 Qd7 31. Nxe4 Qc6 32. Qxc5 1-0

[Event "Czech open A"]
[Site "?"]
[Date "2013.07.22"]
[Round "4.79"]
[White "Spalir, Jernej"]
[Black "Matsenko, Andrei"]
[Result "1/2-1/2"]
[WhiteElo "2312"]
[BlackElo "2235"]
[PlyCount "120"]
[EventDate "2013.??.??"]

1. d4 d5 2. c4 c6 3. Nc3 Nf6 4. Nf3 e6 5. Bg5 h6 6. Bxf6 Qxf6 7. e3 Nd7 8. Be2
g6 9. O-O Bg7 10. e4 dxe4 11. Nxe4 Qf4 12. Qd3 O-O 13. Rac1 c5 14. g3 Qc7 15.
b3 cxd4 16. Nxd4 Nc5 17. Nxc5 Qxc5 18. Nb5 a6 19. Qd6 Qe5 20. Qxe5 Bxe5 21. Nc3
Rd8 22. Rfd1 Rxd1+ 23. Bxd1 Bd7 24. Bf3 Bc6 25. Bxc6 bxc6 26. Kf1 Kf8 27. Ke2
Ke7 28. Ne4 a5 29. Rd1 f5 30. Nc5 Bd6 31. Na4 c5 32. Kd3 g5 33. Ke3 Rg8 34. Rh1
Rc8 35. Nc3 Be5 36. Nb5 Bb8 37. Rd1 Rf8 38. Ke2 h5 39. Rg1 g4 40. h3 f4 41.
gxf4 gxh3 42. Rh1 Rxf4 43. Rxh3 Rf5 44. Nc3 Re5+ 45. Kd3 Kf7 46. Ne4 Rf5 47.
Ke3 Kg6 48. Rh1 Kf7 49. f3 Bc7 50. Ke2 Ke7 51. Rg1 Be5 52. Rg6 Bd4 53. Rh6 Bg7
54. Rg6 Bd4 55. Rg2 Kf8 56. Rh2 Kg7 57. Ng3 Re5+ 58. Kd2 Kg6 59. Ne4 Rf5 60.
Ke2 Kg7 1/2-1/2

[Event "Czech open A"]
[Site "?"]
[Date "2013.07.22"]
[Round "4.80"]
[White "Muhsen, Abulla Mohmmed"]
[Black "Kazakov, Konstantin"]
[Result "0-1"]
[WhiteElo "2203"]
[BlackElo "2307"]
[PlyCount "61"]
[EventDate "2013.??.??"]

1. d4 Nf6 2. c4 e6 3. Nc3 c5 4. d5 exd5 5. cxd5 d6 6. e4 a6 7. a4 g6 8. f4 Bg7
9. Nf3 Bg4 10. Be2 Bxf3 11. Bxf3 Nbd7 12. O-O O-O 13. a5 Rb8 14. Qd3 Ne8 15.
Kh1 Nc7 16. Bd2 Qe8 17. Rab1 b5 18. axb6 Nxb6 19. b3 Qd7 20. h3 Nb5 21. Bg4 Qe7
22. Nxb5 axb5 23. Rbe1 h5 24. Bf3 c4 25. bxc4 bxc4 26. Qa3 Bd4 27. Bd1 Ra8 28.
Qg3 h4 29. Qf3 c3 30. Bc1 Ra1 31. Bc2 0-1

[Event "Czech open A"]
[Site "?"]
[Date "2013.07.22"]
[Round "4.81"]
[White "Tomazini, Aljosa"]
[Black "Barthel, Ansgar"]
[Result "1/2-1/2"]
[WhiteElo "2306"]
[BlackElo "2230"]
[PlyCount "55"]
[EventDate "2013.??.??"]
[TimeControl "6000+955"]
[WhiteClock "0:31:41"]
[BlackClock "0:37:12"]

1. d4 Nf6 2. Nf3 g6 3. c4 Bg7 4. Nc3 O-O 5. e4 d6 6. h3 e5 7. d5 a5 8. g4 Na6
9. Be3 Nd7 10. a3 Nac5 11. Nd2 Bf6 12. h4 Bxh4 13. Qf3 Bg5 14. Qh3 h6 15. Nb5
Na6 16. Bxg5 Qxg5 17. Qxh6 Qxh6 18. Rxh6 Kg7 19. Rh2 Nf6 20. f3 Bd7 21. Rc1 Rh8
22. Rxh8 Rxh8 23. Kf2 Ne8 24. b3 c6 25. Nc3 Rh2+ 26. Ke3 Kf6 27. Rb1 c5 28. Bd3
1/2-1/2